000 00302nam a2200121Ia 4500
008 191201s2016 xx 000 0 und d
100 _aJOHAR, K.L.
245 0 _aRelevance of Subhas Bose Today
260 _aN. Delhi
_bSneh Prakashan
_c2016
300 _a466
650 _aGeneral Books
942 _2ddc
_cBK
999 _c6681
_d6681